[Event "Witwatersrand op"]
[Site "Witwatersrand"]
[Date "2017.07.04"]
[Round "4.11"]
[White "Makungo, Fhumulani Moses"]
[Black "Dludlu, Nhlanhla"]
[Result "0-1"]
[WhiteElo "1116"]
[BlackElo "1373"]
[PlyCount "66"]
[EventDate "2017.07.03"]
[EventType "swiss"]
[EventRounds "9"]
[EventCountry "RSA"]
[SourceTitle "EXT 2018"]
[Source "ChessBase"]
[SourceDate "2017.10.13"]
[SourceVersion "1"]
[SourceVersionDate "2017.10.13"]
[SourceQuality "1"]

1. c4 Nf6 2. Nc3 e6 3. g3 d5 4. cxd5 exd5 5. d4 Be7 6. Bg2 0-0 7. Nf3 c6 8. 0-0 Bf5 9. Bg5 Nbd7 10. Rc1 h6 11. Bxf6 Bxf6 12. Qb3 Qb6 13. Qxb6 axb6 14. e3 Rfe8 15. Rfe1 b5 16. a3 Nb6 17. Nd2 Nc4 18. Nxc4 bxc4 19. h3 Bd3 20. Bf1 Bg6 21. Bg2 b5 22. Na2 Be7 23. Ra1 Reb8 24. Nb4 Bxb4 25. axb4 Ra4 26. Ra3 Rxb4 27. Re2 Ra4 28. Rc3 Ra1+ 29. Kh2 b4 30. Rcc2 Bxc2 31. Rxc2 Ra2 32. e4 c3 33. exd5 cxb2 0-1